00317pab a2200121 454500008004000000100001800040245005700058260000900115300001500124362001100139650002500150773002000175180718b2011 xxu||||| |||| 00| 0 eng d aBora, Abhijit aProfessional education: Overcoming major challenges. c2011 ap.9-13,17. a26 Dec aVocational education aUniversity News